Программирование на языке C#: Консольные и оконные приложения. Лабораторный практикум: учебное пособие

Бібліографічні деталі
Автор: Рыбалка С. А. Сергей Анатольевич
Співавтор: Национальный исследовательский Томский политехнический университет
Інші автори: Титаренко Е. Ю. Екатерина Юрьевна, Гергет О. М. Ольга Михайловна
Резюме:В пособии описываются структура интерфейса среды разработки MS Visual, элементы и приемы работы при создании приложений консольного и оконного типа, основанных на принципах событийно-управляемого программирования. Предназначено для студентов, обучающихся по направлению 01.03.02 "Прикладная математика и информатика". Может быть полезно для студентов других специальностей, изучающих основы программирования.
Мова:Російська
Опубліковано: Томск, Изд-во ТПУ, 2021
Предмети:
Формат: Книга
KOHA link:https://koha.lib.tpu.ru/cgi-bin/koha/opac-detail.pl?biblionumber=346465

MARC

LEADER 00000nam0a2200000 4500
001 346465
005 20251126161815.0
010 |a 9785438709930 
035 |a (RuTPU)RU\TPU\book\378346 
090 |a 346465 
100 |a 20211001d2021 m y0rusy50 ca 
101 0 |a rus 
102 |a RU 
105 |a a j 001zy 
200 1 |a Программирование на языке C#: Консольные и оконные приложения. Лабораторный практикум  |e учебное пособие  |f С. А. Рыбалка, Е. Ю. Титаренко, О. М. Гергет  |g Национальный исследовательский Томский политехнический университет 
210 |a Томск  |c Изд-во ТПУ  |d 2021 
215 |a 80 с.  |c ил. 
320 |a Библиогр.: с. 79 
330 |a В пособии описываются структура интерфейса среды разработки MS Visual, элементы и приемы работы при создании приложений консольного и оконного типа, основанных на принципах событийно-управляемого программирования. Предназначено для студентов, обучающихся по направлению 01.03.02 "Прикладная математика и информатика". Может быть полезно для студентов других специальностей, изучающих основы программирования. 
452 1 |0 (RuTPU)RU\TPU\book\378193  |t Программирование на языке C#: Консольные и оконные приложения. Лабораторный практикум  |o учебное пособие  |f С. А. Рыбалка, Е. Ю. Титаренко, О. М. Гергет  |g Национальный исследовательский Томский политехнический университет, Инженерная школа информационных технологий и робототехники  |c Томск  |n Изд-во ТПУ  |d 2021  |a Рыбалка, Сергей Анатольевич 
606 1 |a Программирование  |2 stltpush  |3 (RuTPU)RU\TPU\subj\51780  |9 70345 
610 1 |a программы 
610 1 |a разработка 
610 1 |a языки программирования 
610 1 |a C# 
610 1 |a консольные приложения 
610 1 |a оконные приложения 
610 1 |a создание 
610 1 |a лабораторные работы 
610 1 |a учебные пособия 
610 1 |a труды учёных ТПУ 
675 |a 004.42(075.8)  |v 4 
700 1 |a Рыбалка  |b С. А.  |c специалист в области информатики и вычислительной техники  |c доцент Томского политехнического университета, кандидат технических наук  |f 1961-  |g Сергей Анатольевич  |3 (RuTPU)RU\TPU\pers\26755  |9 12398 
701 1 |a Титаренко  |b Е. Ю.  |c математик  |c старший преподаватель Томского политехнического университета  |f 1975-  |g Екатерина Юрьевна  |3 (RuTPU)RU\TPU\pers\26826  |9 12445 
701 1 |a Гергет  |b О. М.  |c специалист в области информатики и вычислительной техники  |c профессор Томского политехнического университета, доктор наук  |f 1974-  |g Ольга Михайловна  |3 (RuTPU)RU\TPU\pers\28996  |9 13717 
712 0 2 |a Национальный исследовательский Томский политехнический университет  |c (2009- )  |3 (RuTPU)RU\TPU\col\15902  |9 26305 
801 1 |a RU  |b 63413507  |c 20211001 
801 2 |a RU  |b 63413507  |c 20211026  |g RCR 
942 |c BK